000 00335nam a2200145Ia 4500
005 20251222152619.0
008 251222s9999||||xx |||||||||||||| ||spa||
020 _a9789972334276
082 _a869.56/N18/Ej.2
100 _aNájar, Jorge
245 0 _aEl Árbol de Sodoma
250 _a1ra.ed.
264 _bDesafíos
942 _cLIB
999 _c27297
_d27297